REVIEW OF PHARMACOLOGY (Record no. 34472)

MARC details
000 -LEADER
fixed length control field 00308nam a22001457a 4500
003 - CONTROL NUMBER IDENTIFIER
control field SGT
020 ## - INTERNATIONAL STANDARD BOOK NUMBER
International Standard Book Number 9789354658778
082 ## - DEWEY DECIMAL CLASSIFICATION NUMBER
Classification number 615
Item number GAR
100 ## - MAIN ENTRY--PERSONAL NAME
Personal name GARG GOBIND RAI
245 ## - TITLE STATEMENT
Title REVIEW OF PHARMACOLOGY
250 ## - EDITION STATEMENT
Edition statement 16TH
260 ## - PUBLICATION, DISTRIBUTION, ETC. (IMPRINT)
Place of publication, distribution, etc INDIA
Name of publisher, distributor, etc JAYPEE PUB
Year of Publication 2026
300 ## - PAGE DESCRIPTION
No. of Pages 532
942 ## - ADDED ENTRY ELEMENTS (KOHA)
Source of classification or shelving scheme Dewey Decimal Classification
Koha item type Books
Holdings
Withdrawn status Lost status Source of classification or shelving scheme Damaged status Not for loan Collection code Home library Current library Shelving location Date acquired Vendor Name SGTU Bill Number Total Checkouts Full call number Accession No. (Barcode) Date last seen Bill Date Koha item type
    Dewey Decimal Classification     SCIENCE SGT Science & Social Sciences Library SGT Science & Social Sciences Library Text Book 26/03/2026 ABC SGTU 22597   615 GAR DP1986 26/03/2026 09/03/2026 Books